| 000 | 00520nam a2200121Ia 4500 | ||
|---|---|---|---|
| 008 | 220620s9999||||xx |||||||||||||| ||und|| | ||
| 100 | _aHadjibiros, Kimon | ||
| 245 | 0 | _aEcology and Applied Environmental Science | |
| 546 | _aEnglish[eng] | ||
| 650 | _aBiodiversity and Landscape Protection||Ecological Systems||Environment and Development||Fundamentals of Environmental Problems||Management of Environmental Problems | ||
| 856 | _uhttps://library.oapen.org/bitstream/20.500.12657/53659/1/9781466570108.pdf | ||
| 942 | _cEB | ||
| 999 |
_c27835 _d27835 |
||